000 00825nam a2200253Ia 4500
003 OSt
005 20220923215541.0
006 a|||||r|||| 00| 0
007 ta
008 220922b |||||||| |||| 00| 0 hin d
024 _a179,697
037 _cTextual
040 _aARTS
_cARTS
_bhin
041 _2hin
_ahin
082 _aO152,1J32:g, M4
100 _aद्वारी, मोती लाल
245 0 _aतुलसी एक मूल्यांकन
246 _aTulasī ek mūlyāankana
260 _aइलाहाबाद
_b साहित्यवाणी्
_c1984
300 _a253 पृ.
_ccm.
650 _aहिन्दी साहित्य
_9156264
942 _hO152,1J32:g, M4
_cTEXL
_2CC
999 _c333078
_d333078